000 01071cam a2200301 a 4500
001 1053
005 20230815140813.0
008 990714s2000 nyua b 000 1 eng
020 _a0805063870 (hc : alk. paper)
040 _aDLC
_cDLC
_dDLC
_beng
050 0 0 _aPZ7.F634
_bTo 2000
082 0 0 _a[Fic]
_221
100 1 _aFletcher, Ralph J
245 1 0 _aTommy Trouble and the magic marble /
_cby Ralph Fletcher ; illustrated by Ben Caldwell.
260 _aNew York :
_bScholastic,
_c2000
300 _a47 pages :
_billustrations ;
_c20 cm
505 _aN
520 _aFive-year-old Bradley tries to help big brother Tommy earn enough money to buy a magnificent marble for his collection.
521 _a560
_bLexile
521 _aN
_bRaz-Plus
650 1 _aBrothers
_vFiction.
650 1 _aMoneymaking projects
_vFiction.
650 1 _aMarbles (Game objects)
_vFiction.
650 1 _aCollectors and collecting
_vFiction.
700 1 _aCaldwell, Ben,
_d1973-
_eillustrator.
906 _a7
_bcbc
_corignew
_d1
_eocip
_f19
_gy-gencatlg
942 _2ddc
_cBK
_n0
999 _c1053
_d1053